000
00340pab a2200145 454500
008
180718b1999 xxu||||| |||| 00| 0 eng d
100
_a
Ramachandran, G.
245
_a
Collusion in the power sector
260
_c
1999
300
_a
p.14
362
_a
5 Jun
650
_a
Power industry
773
_a
Hindu(Business Line)
909
_a
42100
999
_c
42100
_d
42100